000 00366 a2200109 4500
001 ART_11683
005 20260410161859.0
008 260409a
245 1 0 _aA note on income tax evasion, labor supply , and nonlinear tax schedules
100 1 _aPencavel, John H.
773 0 _tJournal of public economics
_g- Vol. 12, NÂș 1 (ago. 1979)
_wREV11485
999 _c25734
_d25734